Movies Quiz

Random Movies or Actor Quiz

Oscar Supporting Actor Quiz Stats

 Plays Quiz Updated Apr 25, 2021

Support Sporcle.
Go Orange.
Score 0/85 Timer 10:00
3 Plays Today
Year Actor % Correct
2019Brad Pitt
93.2%
1997Robin Williams
89%
2004Morgan Freeman
85.2%
1996Cuba Gooding, Jr.
84.8%
2008Heath Ledger
84.7%
2012Christoph Waltz
84.4%
1974Robert De Niro
84.1%
2018Mahershala Ali
83.3%
2005George Clooney
82.4%
2013Jared Leto
82.3%
1993Tommy Lee Jones
80.9%
1995Kevin Spacey
80.8%
1990Joe Pesci
79.8%
2016Mahershala Ali
78.1%
1989Denzel Washington
76.8%
1986Michael Caine
76.7%
1999Michael Caine
76.7%
2014J.K. Simmons
75.4%
2007Javier Bardem
74.8%
2017Sam Rockwell
74.2%
1983Jack Nicholson
72.2%
2006Alan Arkin
71.3%
2003Tim Robbins
70.8%
2020Daniel Kaluuya
69.9%
1987Sean Connery
69.1%
1992Gene Hackman
67.9%
1988Kevin Kline
67.8%
1978Christopher Walken
66.3%
2015Mark Rylance
64.9%
Year Actor % Correct
2000Benicio del Toro
63.9%
2011Christopher Plummer
63.8%
2009Christoph Waltz
61%
1991Jack Palance
60.2%
2010Christian Bale
58.6%
2002Chris Cooper
58.1%
1994Martin Landau
55.4%
1982Louis Gossett, Jr.
51.1%
1953Frank Sinatra
51%
1963Melvyn Douglas
50.3%
1979Melvyn Douglas
50.3%
1955Jack Lemmon
49.4%
1980Timothy Hutton
49.4%
2001Jim Broadbent
47.2%
1972Joel Grey
47.2%
1976Jason Robards
46.9%
1977Jason Robards
46.9%
1985Don Ameche
43.7%
1966Walter Matthau
43.5%
1981John Gielgud
41.9%
1998James Coburn
40.7%
1967George Kennedy
39.8%
1943Charles Coburn
39.6%
1975George Burns
38.9%
1952Anthony Quinn
38.7%
1956Anthony Quinn
38.7%
1960Peter Ustinov
38.7%
1964Peter Ustinov
38.7%
1951Karl Malden
38.2%
Year Actor % Correct
1948Walter Huston
37.1%
1936Walter Brennan
36.8%
1938Walter Brennan
36.8%
1940Walter Brennan
36.8%
1984Haing S. Ngor
36.6%
1971Ben Johnson
36.2%
1957Red Buttons
32.2%
1973John Houseman
31.1%
1961George Chakiris
31%
1969Gig Young
29.3%
1970John Mills
27.9%
1958Burl Ives
26.9%
1950George Sanders
26.8%
1944Barry Fitzgerald
26.5%
1947Edmund Gwenn
25.2%
1946Harold Russell
25.1%
1965Martin Balsam
24.6%
1962Ed Begley
23.7%
1968Jack Albertson
23.3%
1959Hugh Griffith
23.3%
1939Thomas Mitchell
22.2%
1949Dean Jagger
20.1%
1941Donald Crisp
20.1%
1954Edmond O'Brien
19.9%
1937Joseph Schildkraut
19.1%
1942Van Heflin
19%
1945James Dunn
17.8%

From the Vault

An Edible Crossword

by Tootsnsuch

We're crossing words, not food. The words just happen to be about food.
Remove Ads.
Support Sporcle.
Get the best of Sporcle when you Go Orange. This ad-free experience offers more features, more stats, and more fun while also helping to support Sporcle. Thank you for becoming a member.

Show Comments

Extras

Top Quizzes Today


Score Distribution

Your Account Isn't Verified!

In order to create a playlist on Sporcle, you need to verify the email address you used during registration. Go to your Sporcle Settings to finish the process.

Report this User

Report this user for behavior that violates our Community Guidelines.

Details: